000 01453cam a2200457 a 4500
001 23465
003 VRT
005 20260623164614.0
008 230403s1961 xo 000 fbslo
015 _aSNBA1961/05-00863
035 _aSK01SNK19610030678
035 _aurn:nbn:sk:snk-am3h5wy
035 _aurn:nbn:sk:snk-am00cnpi
035 _a5682CBDE-642B-4BCF-B2AE-57CB85D99557
035 _aSKM000033141
039 9 _a202304032017
_bVLOAD
_c202212050950
_dVLOAD
_c202205110857
_dVLOAD
_c201808131459
_dVLOAD
040 _aSNK
_bslo
_cSNK
_eAACR2
041 0 _aslo
044 _axo
_cSK
080 _a885.4-3
_21981
100 1 _aKrno, Miloš,
_d1922-2007
_4aut
245 1 0 _aVrátim sa živý
_cMiloš Krno
250 _a2. vyd. v SS
260 _aBratislava
_bSlovenský spisovateľ
_c1961
_eŽilina
_fPravda
300 _a294, [4] s.
_c
490 1 _aPôvodná próza
563 _a5000 výtl.
600 1 7 _aNálepka, Ján,
_d1912-1943
_2SNKMA
655 7 _aslovenské romány
_2SNKPH
655 7 _abiografické romány
_2SNKPH
655 7 _apublikácie pre mládež
_2SNKPH
830 0 _aPôvodná próza
910 _asnk
942 _2ddc
_cKLDO
_n0
949 _62889402694
_asavukM 1108
949 _6273K0404865
_asvkpoA 34763
_bsvkpo81880
949 _617A0698249
_asnkSD 20016
_bsnkKSP 2544/61
_s6100:20161017
949 _60133017644
_asnmk
_bsnmk17644
949 _asnkSD 20016 D1
999 _c23465
_d23465